000 00757nam a22002417a 4500
999 _c7551
_d7551
003 OSt
005 20211129173948.0
008 211129b ||||| |||| 00| 0 eng d
020 _a9781408083154
040 _cDDC
082 _a650.01513 .FRA 2014
100 _aFrancis, Andre; Mousley, Ben
_915455
245 _aBusiness Mathematics and Statistics.
250 _a7th.ed.
260 _aSingapore:
_bCengage Learning;
_c2014.
300 _aix,674p.:
_bill;
_c27cm
504 _aIncludes Index.
650 _aBusiness mathematics.
_915332
650 _aBusiness mathematics -- Problems, exercises, etc.
_915456
650 _aCommercial statistics.
_95297
650 _aCommercial statistics -- Problems, exercises, etc
_915457
942 _2ddc
_cBOOK